LEADER 00758nam0 2200241 450 001 9910343060403321 005 20191104101326.0 100 $a20191104d1939----km y0itay50 ba 101 0 $ager 102 $aDE 105 $aa 001yy 200 1 $a<>neue Stadt$eVersuch der Begründung einer neuen Stadtplanungskunst aus der sozialen Struktur der Bevölkerung$fvon Gottfried Feder 210 $aBerlin$cSpringer$d1939 215 $aVIII, 480 p.$cill.$d28 cm$e4 c. di tav. ripieg. 610 $aSociologia$aStoria dell'arte 700 1$aFeder,$bGottfried$0768524 801 0$aIT$bUNINA$gREICAT$2UNIMARC 901 $aBK 912 $a9910343060403321 952 $aCER 2$b2$fDARPU 959 $aDARPU 996 $aNeue Stadt$91565628 997 $aUNINA LEADER 01528nam 2200361Ia 450 001 996385792703316 005 20200824132245.0 035 $a(CKB)4940000000076667 035 $a(EEBO)2240949230 035 $a(OCoLC)ocm12354053e 035 $a(OCoLC)12354053 035 $a(EXLCZ)994940000000076667 100 $a19850806d1644 uy | 101 0 $aeng 135 $aurbn||||a|bb| 200 10$aTwelve considerable serious questions touching chvrch government$b[electronic resource] $esadly propounded (out of a reall desire of vnitie and tranquillity in church and state) to all sober-minded Christians, cordially affecting a speedy setled reformation, and brotherly Christian vnion in all our churches and denominations, now miserably wasted with civill unnatuall warres, and deplorably lacerated with ecclesiasticall dissentions /$fby William Prynne .. 210 $aLondon $cPrinted by I.D. for Michael Sparke, Senior ...$d1644 215 $a8 p 300 $aReproduction of original in the Union Theological Seminary Library. 330 $aeebo-0160 606 $aChurch polity 606 $aChurch and state$zEngland 607 $aGreat Britain$xHistory$yCivil War, 1642-1649 615 0$aChurch polity. 615 0$aChurch and state 700 $aPrynne$b William$f1600-1669.$0198500 801 0$bEAE 801 1$bEAE 801 2$bWaOLN 906 $aBOOK 912 $a996385792703316 996 $aTwelve considerable serious questions touching chvrch government$92400085 997 $aUNISA